Heřmanova kuchařka : (Záznam č. 1878)
| 000 -LEADER | |
|---|---|
| kontrolní pole pevné délky | 02139nam a2200805 i 4500 |
| 001 - ŘÍDÍCÍ ČÍSLO | |
| kontrolní pole | nkc20243588408 |
| 003 - CONTROL NUMBER IDENTIFIER | |
| kontrolní pole | CZ PrSKC |
| 005 - DATUM A ČAS POSLEDNÍHO ZPRACOVÁNÍ | |
| kontrolní pole | 20260424144547.0 |
| 007 - FYZICKÝ POPIS - SPECIFIKACE PRO TIŠTĚNÝ ČI RUKOPISNÝ (OKEM ČITELNÝ) TEXT | |
| kontrolní pole pevné délky | ta |
| 008 - SPECIFIKACE PRO KNIHY A POKRAČUJÍCÍ ZDROJE | |
| kontrolní pole pevné délky | 240212s2024 xr a e f 000 0 cze |
| 015 ## - ČÍSLO NÁRODNÍ BIBLIOGRAFIE | |
| Číslo národní bibliografie | cnb003588408 |
| 020 ## - MEZINÁRODNÍ STANDARDNÍ ČÍSLO KNIHY (ISBN) | |
| ISBN | 9788026451280 |
| Kvalifikátor | (vázáno) : |
| Dostupnost | Kč 399,00 |
| 035 ## - SYSTEM CONTROL NUMBER | |
| System control number | (OCoLC)1429249865 |
| 040 ## - CATALOGING SOURCE (Původ katalogizace) | |
| Agentura zajišťující původní katalogizaci | OLA001 |
| Jazyk katalogizace | cze |
| Agentura, která záznam modifikovala | ABA001 |
| Použitá pravidla popisu | rda |
| 072 #7 - SKUPINA KONSPEKTU | |
| Klasifikační znak skupiny Konspektu | 641 |
| Slovní vyjádření skupiny Konspektu | Kuchařství. Potraviny. Vařená jídla |
| Zdroj | Konspekt |
| 080 ## - MEZINÁRODNÍ DESETINNÉ TŘÍDĚNÍ | |
| Klasifikační znak MDT | 641.55 |
| Vydání | MRF |
| 080 ## - MEZINÁRODNÍ DESETINNÉ TŘÍDĚNÍ | |
| Klasifikační znak MDT | (083.12) |
| Vydání | MRF |
| 100 0# - HLAVNI ZÁHLAVÍ - OSOBNÍ JMÉNO | |
| Osobní jméno | Ostravsky Gastrošef |
| Relationship | aut |
| 245 10 - ÚDAJE O NÁZVU | |
| Název | Heřmanova kuchařka : |
| Další údaje o názvu | vař jako mišulin / |
| Údaje o odpovědnosti | Ostravsky Gastrošef |
| 250 ## - ÚDAJE O VYDÁNÍ | |
| Označení vydání | 1. vydání |
| 264 #1 - PRODUCTION, PUBLICATION, DISTRIBUTION, MANUFACTURE, AND COPYRIGHT NOTICE | |
| Place of production, publication, distribution, manufacture | V Brně : |
| Name of producer, publisher, distributor, manufacturer | CPress, |
| Date of production, publication, distribution, manufacture, or copyright notice | 2024 |
| 300 ## - FYZICKÝ POPIS | |
| Rozsah | 159 stran : |
| Další fyzické údaje | barevné ilustrace ; |
| Rozměry | 24 cm |
| 336 ## - CONTENT TYPE | |
| Content type term | text |
| Content type code | txt |
| Zdroj | rdacontent |
| 337 ## - MEDIA TYPE | |
| Media type term | bez média |
| Media type code | n |
| Zdroj | rdamedia |
| 338 ## - CARRIER TYPE | |
| Carrier type term | svazek |
| Carrier type code | nc |
| Zdroj | rdacarrier |
| 500 ## - VŠEOBECNÁ POZNÁMKA | |
| General note | Obsahuje QR kódy s přístupem k videonahrávkám |
| 520 2# - ABSTRAKT, ATD. | |
| Text poznámky | Youtuber, který sám sebe nazývá odborníkem na všechno, přináší tištěnou kuchařku, kde jsou recepty uvedené v ostravském nářečí. |
| 650 07 - VEDLEJŠÍ VĚCNÉ ZÁHLAVÍ - VĚCNÉ TÉMA | |
| Topical term or geographic name entry element | jídla |
| Zdroj záhlaví nebo termínu | czenas |
| 650 09 - VEDLEJŠÍ VĚCNÉ ZÁHLAVÍ - VĚCNÉ TÉMA | |
| Topical term or geographic name entry element | meals |
| Zdroj záhlaví nebo termínu | eczenas |
| 655 #7 - REJSTŘÍKOVÝ TERMÍN -- žánr/forma | |
| Žánr/forma či základní termín | kuchařské recepty |
| Source of term | czenas |
| 655 #9 - REJSTŘÍKOVÝ TERMÍN -- žánr/forma | |
| Žánr/forma či základní termín | cookbooks |
| Source of term | eczenas |
| 787 08 - OTHER RELATIONSHIP ENTRY | |
| Informace o vztahu | Z cyklu: |
| Název | Heřmanova kuchařka |
| Related parts | 1 |
| 900 ## - EQUIVALENCE OR CROSS-REFERENCE-PERSONAL NAME [LOCAL, CANADA] | |
| Římské číslice | 19 |
| 910 ## - USER-OPTION DATA (OCLC) | |
| User-option data | ABA001 |
| 910 ## - USER-OPTION DATA (OCLC) | |
| User-option data | ABG001 |
| 910 ## - USER-OPTION DATA (OCLC) | |
| User-option data | BKG501 |
| 910 ## - USER-OPTION DATA (OCLC) | |
| User-option data | BOA001 |
| 910 ## - USER-OPTION DATA (OCLC) | |
| User-option data | CBA001 |
| 910 ## - USER-OPTION DATA (OCLC) | |
| User-option data | DCG302 |
| 910 ## - USER-OPTION DATA (OCLC) | |
| User-option data | HBG001 |
| 910 ## - USER-OPTION DATA (OCLC) | |
| User-option data | HKA001 |
| 910 ## - USER-OPTION DATA (OCLC) | |
| User-option data | JCG001 |
| 910 ## - USER-OPTION DATA (OCLC) | |
| User-option data | JHG001 |
| 910 ## - USER-OPTION DATA (OCLC) | |
| User-option data | JNG001 |
| 910 ## - USER-OPTION DATA (OCLC) | |
| User-option data | KAG001 |
| 910 ## - USER-OPTION DATA (OCLC) | |
| User-option data | KAG503 |
| 910 ## - USER-OPTION DATA (OCLC) | |
| User-option data | KAG505 |
| 910 ## - USER-OPTION DATA (OCLC) | |
| User-option data | KAG506 |
| 910 ## - USER-OPTION DATA (OCLC) | |
| User-option data | KLG001 |
| 910 ## - USER-OPTION DATA (OCLC) | |
| User-option data | KVG001 |
| 910 ## - USER-OPTION DATA (OCLC) | |
| User-option data | LIA001 |
| 910 ## - USER-OPTION DATA (OCLC) | |
| User-option data | NJG001 |
| 910 ## - USER-OPTION DATA (OCLC) | |
| User-option data | NJG502 |
| 910 ## - USER-OPTION DATA (OCLC) | |
| User-option data | OLA001 |
| 910 ## - USER-OPTION DATA (OCLC) | |
| User-option data | OLG001 |
| 910 ## - USER-OPTION DATA (OCLC) | |
| User-option data | OPG001 |
| 910 ## - USER-OPTION DATA (OCLC) | |
| User-option data | OPG503 |
| 910 ## - USER-OPTION DATA (OCLC) | |
| User-option data | OSA001 |
| 910 ## - USER-OPTION DATA (OCLC) | |
| User-option data | OSG002 |
| 910 ## - USER-OPTION DATA (OCLC) | |
| User-option data | PRG001 |
| 910 ## - USER-OPTION DATA (OCLC) | |
| User-option data | PRG501 |
| 910 ## - USER-OPTION DATA (OCLC) | |
| User-option data | TPG001 |
| 910 ## - USER-OPTION DATA (OCLC) | |
| User-option data | TPG503 |
| 910 ## - USER-OPTION DATA (OCLC) | |
| User-option data | UHG001 |
| 910 ## - USER-OPTION DATA (OCLC) | |
| User-option data | ULG001 |
| 910 ## - USER-OPTION DATA (OCLC) | |
| User-option data | VYG001 |
| 910 ## - USER-OPTION DATA (OCLC) | |
| User-option data | ZLG001 |
| 910 ## - USER-OPTION DATA (OCLC) | |
| User-option data | ZRG501 |
| 942 ## - PŘIDANÉ VEDLEJŠÍ ZÁHLAVÍ (KOHA) | |
| Source of classification or shelving scheme | Dewey Decimal Classification |
| Koha item type | Kniha |
| Suppress in OPAC | No |
| Datum poslední evidence | Přírůstkové číslo | Total Checkouts | Signatura | Čárový kód | Cena effektivně od | Koha item type | Stav ztráty | Source of classification or shelving scheme | Stav poškození | Nelze vypůjčit | Stav zrušení | Home library | Current library | Umístění | Datum zapsání |
|---|---|---|---|---|---|---|---|---|---|---|---|---|---|---|---|
| 24.04.2026 | 1878 | 942/1878/GAS | 942/1878/GAS | 24.04.2026 | Kniha | Dewey Decimal Classification | Centrum dokumentárního filmu | Centrum dokumentárního filmu | Dokumentární kniha 942 | 24.04.2026 |